Cuestiones de tiro y dirección del fuego : (Record no. 89148)

MARC details
000 -LEADER
campo de control de longitud fija 00900nam a2200229 i 4500
001 - NÚMERO DE CONTROL
campo de control 89148
003 - IDENTIFICADOR DE NÚMERO DE CONTROL
campo de control ES-MaACL
005 - FECHA Y HORA DE LA ÚLTIMA TRANSACCIÓN
campo de control 20230906180103.0
007 - CAMPO FIJO DE DESCRIPCIÓN FÍSICA--INFORMACIÓN GENERAL
campo de control de longitud fija t|
008 - DATOS DE LONGITUD FIJA--INFORMACIÓN GENERAL
campo de control de longitud fija 050105s1962 sp ||||1| spa d
100 1# - ENTRADA PRINCIPAL--NOMBRE DE PERSONA
Nombre de persona Lara del Cid, Manuel.
9 (RLIN) 70211
245 10 - MENCIÓN DEL TÍTULO
Título Cuestiones de tiro y dirección del fuego :
Resto del título a resolver por los mandos de las pequeñas unidades de infantería /
Mención de responsabilidad, etc. teniente coronel Manuel Lara del Cid, comandantes Manuel Carrasco Lanzos, Ignacio Fernández-Miranda y Hevia.
250 ## - MENCION DE EDICION
Mención de edición 4ª ed.
260 ## - PUBLICACIÓN, DISTRIBUCIÓN, ETC.
Lugar de publicación, distribución, etc. Madrid :
Nombre del editor, distribuidor, etc. Compañía Bibliográfica Española,
Fecha de publicación, distribución, etc. 1962.
300 ## - DESCRIPCIÓN FÍSICA
Extensión 2 v. ;
Dimensiones 21 cm.
505 8# - NOTA DE CONTENIDO CON FORMATO
Nota de contenido con formato Contiene: 1. Texto - 2. Láminas
650 #4 - PUNTO DE ACCESO ADICIONAL DE MATERIA--TÉRMINO DE MATERIA
Término de materia o nombre geográfico como elemento de entrada Tiro militar.
9 (RLIN) 162725
700 1# - ENTRADA AGREGADA--NOMBRE PERSONAL
Nombre de persona Carrasco Lanzos, Manuel.
9 (RLIN) 35561
700 1# - ENTRADA AGREGADA--NOMBRE PERSONAL
Nombre de persona Fernández Miranda y Hevia, Ignacio.
9 (RLIN) 49931
710 2# - ENTRADA AGREGADA--NOMBRE DE ENTIDAD CORPORATIVA
Nombre de entidad corporativa o nombre de jurisdicción como elemento de entrada Compañía Bibliográfica Española.
9 (RLIN) 171207
852 ## - LOCALIZACIÓN
Ubicación ES-MaACL
Número de control de estantería C-25417-18
Holdings
Estatus retirado Estado de pérdida Estado de daño No para préstamo Biblioteca de origen Biblioteca actual Ubicación en estantería Fecha de adquisición Fuente de adquisición Total de préstamos Signatura topográfica completa Código de barras Visto por última vez Precio de reemplazo Tipo de ítem Koha
        Biblioteca del Ateneo de Madrid Biblioteca del Ateneo de Madrid Sala Palomar 17/01/2008     C-25417-18 1093107 23/02/2023 23/02/2023 Libro impreso